<?xml version="1.0" encoding="UTF-8"?>
<collection xmlns="http://www.loc.gov/MARC21/slim">
 <record>
  <leader>02312nam a2200265 a 4500</leader>
  <controlfield tag="001">1/49432</controlfield>
  <controlfield tag="008">200724s2018    gr       b    00010 gre  </controlfield>
  <datafield tag="020" ind1=" " ind2=" ">
   <subfield code="a">9786185242251</subfield>
  </datafield>
  <datafield tag="035" ind1=" " ind2=" ">
   <subfield code="l">52439</subfield>
  </datafield>
  <datafield tag="040" ind1=" " ind2=" ">
   <subfield code="a">GR-PeUP</subfield>
  </datafield>
  <datafield tag="082" ind1="0" ind2="0">
   <subfield code="a">362.61 ΚΑΣ</subfield>
  </datafield>
  <datafield tag="100" ind1="1" ind2=" ">
   <subfield code="a">Καστανιώτη, Αικατερίνη.</subfield>
  </datafield>
  <datafield tag="245" ind1="1" ind2="0">
   <subfield code="a">Πολιτική υγείας από τη διεθνή εμπειρία και την ελληνική πραγματικότητα :</subfield>
   <subfield code="b">ερωτήματα και προβληματισμοί /</subfield>
   <subfield code="c">Αικατερίνη Καστανιώτη.</subfield>
  </datafield>
  <datafield tag="260" ind1="0" ind2=" ">
   <subfield code="a">Αθήνα :</subfield>
   <subfield code="b">Δίσιγμα,</subfield>
   <subfield code="c">c2018.</subfield>
  </datafield>
  <datafield tag="300" ind1=" " ind2=" ">
   <subfield code="a">243 σ. :</subfield>
   <subfield code="b">διαγρ. ;</subfield>
   <subfield code="c">23 εκ.</subfield>
  </datafield>
  <datafield tag="500" ind1=" " ind2=" ">
   <subfield code="a">Περιεχόμενα: Κεφ. 1. Πολιτική Υγείας: έννοιες &amp; προβληματισμοί -- Κεφ. 2. Χρηματοδότηση &amp; δαπάνες συστήματος υγείας &amp; κοινωνικής ασφάλισης -- Κεφ. 3. Το σύστημα υγείας &amp; η οργάνωσή του -- Κεφ. 4. Πρωτοβάθμια Φροντίδα υγείας - Κεφ. 5. Νοσοκομειακή περίθαλψη -- Κεφ. 6. Ανθρώπινο δυναμικό στην υγεία -- Κεφ. 7. Φαρμακευτική πολιτική -- Κεφ. 8. Κατανοώντας τη χάραξη πολιτικής υγείας στην Ελλάδα, οι παίκτες και οι όροι του παιχνιδιού -- Κεφ. 9. Η σύγχρονη agenda της πολιτικής υγείας στην Ελλάδα: από τη δημοσιονομική προσαρμογή στις διαρθρωτικές αλλαγές -- Κεφ. 10. Μελέτες περίπτωσης.</subfield>
  </datafield>
  <datafield tag="504" ind1=" " ind2=" ">
   <subfield code="a">Περιλαμβάνει βιβλιογραφία.</subfield>
  </datafield>
  <datafield tag="650" ind1=" " ind2="4">
   <subfield code="a">Medical Policy.</subfield>
  </datafield>
  <datafield tag="650" ind1=" " ind2="4">
   <subfield code="a">Πολιτική υγείας.</subfield>
  </datafield>
  <datafield tag="650" ind1=" " ind2="4">
   <subfield code="a">Social policy.</subfield>
  </datafield>
  <datafield tag="650" ind1=" " ind2="4">
   <subfield code="a">Κοινωνική πολιτική.</subfield>
  </datafield>
  <datafield tag="650" ind1=" " ind2="4">
   <subfield code="a">Primary Health Care.</subfield>
  </datafield>
  <datafield tag="650" ind1=" " ind2="4">
   <subfield code="a">Πρωτοβάθμια φροντίδα υγείας.</subfield>
  </datafield>
  <datafield tag="852" ind1=" " ind2=" ">
   <subfield code="a">INST</subfield>
   <subfield code="b">UNIPILB</subfield>
   <subfield code="c">MAIN</subfield>
   <subfield code="e">20200724</subfield>
   <subfield code="h">362.61 ΚΑΣ</subfield>
   <subfield code="p">00183428</subfield>
   <subfield code="q">00183428</subfield>
   <subfield code="t">LOAN</subfield>
   <subfield code="y">0</subfield>
   <subfield code="4">1</subfield>
  </datafield>
  <datafield tag="852" ind1=" " ind2=" ">
   <subfield code="a">INST</subfield>
   <subfield code="b">UNIPILB</subfield>
   <subfield code="c">MAIN</subfield>
   <subfield code="e">20200724</subfield>
   <subfield code="h">362.61 ΚΑΣ</subfield>
   <subfield code="p">00183429</subfield>
   <subfield code="q">00183429</subfield>
   <subfield code="t">LOAN</subfield>
   <subfield code="y">0</subfield>
   <subfield code="4">2</subfield>
  </datafield>
 </record>
</collection>
